LIBRARY & INFORMATION CENTRE, KCAET, TAVANUR

ONLINE PUBLIC ACCESS CATALOGUE (OPAC)

Ganithasasthra pratibhakal / | ഗണിതശാസ്ത്ര പ്രതിഭകള്‍ (Record no. 19498)

MARC details
000 -LEADER
fixed length control field 00542nam a22001817a 4500
003 - CONTROL NUMBER IDENTIFIER
control field OSt
008 - FIXED-LENGTH DATA ELEMENTS--GENERAL INFORMATION
fixed length control field 250902b |||||||| |||| 00| 0 eng d
041 ## - LANGUAGE CODE
Language code of text/sound track or separate title eng
082 ## - DEWEY DECIMAL CLASSIFICATION NUMBER
Classification number 925.1
Item number SRE/GA
100 ## - MAIN ENTRY--AUTHOR NAME
Personal name Sreedharan, Palliyara
245 ## - TITLE STATEMENT
Title Ganithasasthra pratibhakal /
Remainder of title ഗണിതശാസ്ത്ര പ്രതിഭകള്‍
250 ## - EDITION STATEMENT
Edition statement 2nd ed.
260 ## - PUBLICATION, DISTRIBUTION, ETC. (IMPRINT)
Place of publication Thiruvananthapuram :
Name of publisher Chintha Publishers,
Year of publication 2024.
300 ## - PHYSICAL DESCRIPTION
Number of Pages 328 p.
650 ## - SUBJECT ADDED ENTRY--TOPICAL TERM
Topical Term Biography- Mathematicians
650 ## - SUBJECT ADDED ENTRY--TOPICAL TERM
Topical Term Mathematics
942 ## - ADDED ENTRY ELEMENTS (KOHA)
Koha item type Books
Holdings
Withdrawn status Lost status Damaged status Home library Current library Date acquired Source of acquisition Cost, normal purchase price Full call number Accession Number Koha item type
      KAUAET KAUAET 02/09/2025 Donated by KT Jaleel MLA 440.00 925.1 SRE/GA 26305 Books
free website counter